000
00198nam a2200085Ia 4500
008
170620s9999 xx 000 0 und d
100
_a
KUMAR- ATAL
245
0
_a
TAXATION LAWS
260
_b
CENTRAL LAW PUBLICATION
260
_c
2015
999
_c
30507
_d
30507